000 00592cam a2200217 a 4500
001 4296460
005 20171228034329.0
008 860422s1986 enka b 001 0 eng
010 _a 86011693
020 _a0521304555
040 _aDLC
_cDLC
_dDLC
041 _aeng
080 _a339.5 HEL
082 0 0 _a339.5 HEL
_219
100 _a52
101 _aEKO
245 0 0 _aEquilibrium analysis /
_cedited by Walter P. Heller, Ross M. Starr, David A. Starrett.
504 _aIncludes bibliographies and index.
906 _a7
_bcbc
_corignew
_d1
_eocip
_f19
_gy-gencatlg
942 _2ddc
_cBK
999 _c39514
_d39514